1522 1651 1281 1119 1391 1289 1097 1718 1321 1735 1253 1423 1429 1283 1479 1007 1506 1551 1155 1825 1333 1281 1466 1213 1770 1427 1854 1451 1177 1004 1541 1658 1671 1835 1879 1373 1774 1642 1654 1028 1804 1446 1306 1941 1632 1139 1958 1219 1005 1454 1715 1096 1482 1729 1593 1560 1213 1053 1905 1003 1940 1708 1941 1524 1983 1831 1807 1185 1664 1426 1672 1653 1993 1404 1701 1433 1551 1536 1069 1437 1039 1749 1193 1135 1849 1114 1547 1404 1474 1437 1216 1815 1010 1257 1412 1131 1962 1297 1814 BCNSPRNW ULIB Ver.6.0+V

เปลี่ยนเป็นภาษาไทย

Change to English
 แสดงรายละเอียดบรรณานุกรม
  กลับหน้าหลัก

Brief Record : Get Marc (ISO 2709) : E-mail record : QR code < ปิดหน้าต่าง
LEADER : 00000nam 2200000uu 4500
001    13399112641
003     ULIB
008    110829s2551||||th 000 0 tha d
020    9789745824164
050 04 HV5740^bม686ท 2551
245 00 2 ทศวรรษการรณรงค์เพื่อการไม่สูบบุหรี่ /^cมูลนิธิรณรงค์เพื่อการไม่สูบบุหรี่ ; บรรณาธิการ, ประกิต วาทีสาธกกิจ ; กองบรรณาธิการ : บังอร ฤทธิภักดี, แสงเดือน สุวรรณรัศมี
250    พิมพ์ครั้งที่ 1
260    กรุงเทพฯ :^bมูลนิธิรณรงค์เพื่อการไม่สูบบุหรี่,^c2551
300    242 หน้า :^bภาพประกอบสี ;^c29 ซม.
650  4 การงดสูบบุหรี่^zไทย
650  4 การสูบบุหรี่^xการป้องกันและควบคุม
700 0  ประกิต วาทีสาธกกิจ,^eบรรณาธิการ
700 0  บังอร ฤทธิภักดี,^eบรรณาธิการ
700 0  แสงเดือน สุวรรณรัศมี,^eบรรณาธิการ
710 2  มูลนิธิรณรงค์เพื่อการไม่สูบบุหรี่
945    ^p0^l0^i027758
945    ^p0^l0^i027759
995    ทศพร
999 ^a ทศพร
รายการนี้ยังไม่มีแท็ก
คุณยังไม่ได้ล็อกอิน คุณสามารถมีกิจกรรมร่วมกับเว็บไซต์ได้ แต่ต้องล็อกอินก่อน ::
  ล็อกอิน

รายการสื่อสารสนเทศ

ลำดับที่ ประเภท เลขเรียก/บาร์โค้ด สถานที่ สถานะ
- ไม่พบข้อมูล -

BibComment


ยังไม่เคยถูกคอมเมนท์

คอมเมนท์ทรัพยากรรายการนี้
  คอมเมนท์: 2 ทศวรรษการรณรงค์..


 Copyright 2026. Bcnsprnw @Library